000 01447cam a2200289 a 4500
999 _c9091
_d9091
001 25393730
003 OCoLC
005 20241126110705.0
008 920429s1991 tnu i 000 0 eng
010 _a92153220
020 _a0899576516
040 _aDLC
_cDLC
_dTCT
_dOCLCQ
_dBAKER
_dBSC
082 _a225.48
_bCOM
092 _a225.48
_bC737z, 1991
130 0 _aBible.
_pNew Testament
_lEnglish.
_sAuthorized.
_f1991.
_915852
245 1 4 _aThe complete word study New Testament :
_bKing James Version /
_ccompiled and edited by Spiros Zodhiates.
260 _aChattanooga, TN :
_bAMG Publishers,
_c1991.
300 _a1253, 79 p. ;
_c24 cm.
500 _a"Words in the text numerically coded to Strong's Greek dictionary, introduction to each book, exegetical notes, grammatical codes on the text, lexical aids, Greek concordance, translational reference index, and Strong's Greek dictionary."
500 _a"Codes to the grammatical notations" inserted.
505 0 _aWords in the text numerically coded to Strong's Greek dictionary, Introduction to each book, Exegetical Notes, Grammatical Codes on the text, Lexical Aids, Greek Concordance, Translational Reference Index, and Strong's Greek dictionary.
630 0 0 _aBible.
_pN.T.
_vConcordances, Greek.
_915853
650 0 _aGreek language, Biblical
_vDictionaries
_xEnglish.
_92948
700 1 _aZodhiates, Spiros.
_910225
700 1 _aStrong, James,
_d1822-1894.
_911914
942 _2ddc
_cREF